[Event "SVK-ch U18"]
[Site "Stara Lubovna"]
[Date "2014.04.05"]
[Round "1"]
[White "Spacek, Marcel"]
[Black "Balogh, Peter1111"]
[Result "0-1"]
[WhiteElo "1867"]
[BlackElo "2086"]
[PlyCount "58"]
[EventDate "2014.04.05"]
[EventType "swiss"]
[EventRounds "9"]
[EventCountry "SVK"]
[SourceTitle "EXT 2016"]
[Source "ChessBase"]
[SourceDate "2015.10.08"]
[SourceVersion "1"]
[SourceVersionDate "2015.10.08"]
[SourceQuality "1"]

1. d4 Nf6 2. c4 c5 3. d5 e6 4. Nc3 exd5 5. cxd5 d6 6. e4 g6 7. Nf3 Bg7 8. Bb5+ Nbd7 9. 0-0 a6 10. Bxd7+ Nxd7 11. a4 Ne5 12. Nd2 0-0 13. Qe2 f5 14. f4 Ng4 15. e5 dxe5 16. h3 exf4 17. hxg4 Bd4+ 18. Rf2 fxg4 19. Nb3 Bxf2+ 20. Qxf2 g3 21. Qxc5 Qh4 22. Nd2 Qh2+ 23. Kf1 f3 24. Nxf3 Rxf3+ 25. Ke1 Qxg2 26. Ne2 Qf1+ 27. Kd2 Bf5 28. Ra3 Rxa3 29. Qxa3 Re8 0-1

[Event "SVK-chT2A 1314"]
[Site "Slovakia"]
[Date "2014.01.11"]
[Round "5.6"]
[White "Doucha, Ludvig"]
[Black "Spacek, Marcel"]
[Result "0-1"]
[WhiteElo "2039"]
[BlackElo "1818"]
[PlyCount "42"]
[EventDate "2013.10.19"]
[EventType "team-tourn"]
[EventRounds "11"]
[EventCountry "SVK"]
[SourceTitle "EXT 2015"]
[Source "ChessBase"]
[SourceDate "2014.11.20"]
[SourceVersion "1"]
[SourceVersionDate "2014.11.20"]
[SourceQuality "1"]
[WhiteTeam "Trnava Lokomotiva II"]
[BlackTeam "Osuske II"]
[WhiteTeamCountry "SVK"]
[BlackTeamCountry "SVK"]

1. e4 c5 2. c4 Nc6 3. Ne2 Nf6 4. Nbc3 Qc7 5. d4 cxd4 6. Nxd4 Nxe4 7. Nd5 Qe5 8. Nf3 Qd6 9. Qe2 f5 10. Bf4 e5 11. Nxe5 Nxe5 12. f3 g5 13. Bxe5 Qxe5 14. fxe4 fxe4 15. Qh5+ Kd8 16. 0-0-0 Bg7 17. Rd2 Rf8 18. Re2 d6 19. Qxh7 Bg4 20. Rc2 Rh8 21. Qg6 Bh5 0-1

[Event "SVK-chT2A 1314"]
[Site "Slovakia"]
[Date "2013.11.24"]
[Round "4.8"]
[White "Spacek, Marcel"]
[Black "Belej, Marian"]
[Result "0-1"]
[WhiteElo "1818"]
[BlackElo "1736"]
[PlyCount "73"]
[EventDate "2013.10.19"]
[EventType "team-tourn"]
[EventRounds "11"]
[EventCountry "SVK"]
[SourceTitle "EXT 2015"]
[Source "ChessBase"]
[SourceDate "2014.11.20"]
[SourceVersion "1"]
[SourceVersionDate "2014.11.20"]
[SourceQuality "1"]
[WhiteTeam "Osuske II"]
[BlackTeam "Bratislava DP"]
[WhiteTeamCountry "SVK"]
[BlackTeamCountry "SVK"]

1. d4 Nf6 2. c4 e6 3. g3 d5 4. Nf3 c5 5. Bg2 Nc6 6. cxd5 Nxd5 7. 0-0 Be7 8. Nc3 Nf6 9. Bf4 0-0 10. dxc5 Bxc5 11. Qb3 Qe7 12. Bg5 h6 13. Bh4 Nd4 14. Bxf6 Qxf6 15. Qc4 Nxf3+ 16. Bxf3 Bb6 17. Na4 Bd4 18. Rfd1 e5 19. Nc3 Be6 20. Qb4 g5 21. Ne4 Qg7 22. e3 a5 23. Qb5 Ba7 24. Nd6 Qf6 25. Bxb7 Rab8 26. Qa6 Bc5 27. Ne4 Qe7 28. Qc6 Rxb7 29. Nxc5 Rc7 30. Rd7 Rxd7 31. Nxd7 Bxd7 32. Qxh6 Rc8 33. Rd1 Bf5 34. h4 gxh4 35. gxh4 Qf8 36. Qh5 Qg7+ 37. Kh2 0-1

[Event "SVK-chT2A 1213"]
[Site "Slovakia"]
[Date "2013.02.17"]
[Round "9.8"]
[White "Hecht, Tomas"]
[Black "Spacek, Marcel"]
[Result "0-1"]
[WhiteElo "1963"]
[BlackElo "1846"]
[PlyCount "110"]
[EventDate "2012.10.13"]
[EventType "team-tourn"]
[EventRounds "11"]
[EventCountry "SVK"]
[SourceTitle "EXT 2015"]
[Source "ChessBase"]
[SourceDate "2014.11.20"]
[SourceVersion "1"]
[SourceVersionDate "2014.11.20"]
[SourceQuality "1"]
[WhiteTeam "Bratislava DP"]
[BlackTeam "Osuske II"]
[WhiteTeamCountry "SVK"]
[BlackTeamCountry "SVK"]

1. e4 c5 2. c3 d5 3. exd5 Qxd5 4. d4 Nf6 5. Nf3 e6 6. Be2 Nc6 7. 0-0 Be7 8. Be3 Ng4 9. Bf4 0-0 10. h3 Nf6 11. Ne5 Nxe5 12. Bxe5 Rd8 13. Bf3 Qc4 14. Nd2 Qb5 15. Qc2 cxd4 16. cxd4 Bd7 17. Qb3 Nd5 18. Rfc1 Rac8 19. Qxb5 Bxb5 20. Ne4 b6 21. Nc3 Nxc3 22. bxc3 Bg5 23. Rcb1 Ba4 24. Rb4 b5 25. Be2 a6 26. f4 Be7 27. Rb2 f6 28. d5 fxe5 29. Bg4 exd5 30. Be6+ Kh8 31. Bxc8 Rxc8 32. fxe5 Rxc3 33. Rd2 Bc5+ 34. Kh1 d4 35. e6 b4 36. e7 Bxe7 37. Rxd4 Kg8 38. a3 Bc6 39. axb4 Rxh3+ 40. Kg1 Bf6 41. Rd8+ Bxd8 42. gxh3 Bb5 43. Kf2 Kf7 44. Kg3 Kg6 45. Rd1 Be7 46. Rd4 Bf6 47. Rd6 Kf5 48. Kf3 Be5 49. Rb6 g5 50. Rh6 Bc3 51. h4 g4+ 52. Kg3 Be1+ 53. Kg2 Bxb4 54. Rxh7 Bc6+ 55. Kf1 g3 0-1

[Event "SVK-chT3A2 1213"]
[Site "Slovakia"]
[Date "2012.12.09"]
[Round "5.1"]
[White "Jablonicky, Martin"]
[Black "Spacek, Marcel"]
[Result "0-1"]
[WhiteElo "1827"]
[BlackElo "1846"]
[PlyCount "70"]
[EventDate "2012.10.07"]
[EventType "team-tourn"]
[EventRounds "11"]
[EventCountry "SVK"]
[SourceTitle "EXT 2015"]
[Source "ChessBase"]
[SourceDate "2014.11.20"]
[SourceVersion "1"]
[SourceVersionDate "2014.11.20"]
[SourceQuality "1"]
[WhiteTeam "Trnava Modranka"]
[BlackTeam "Senica CVC"]
[WhiteTeamCountry "SVK"]
[BlackTeamCountry "SVK"]

1. e4 c5 2. c4 Nc6 3. Ne2 e5 4. d3 g6 5. Nbc3 Nge7 6. f4 d6 7. g3 Bg7 8. Bg2 Be6 9. 0-0 Qd7 10. Nd5 Bg4 11. h3 Bxe2 12. Qxe2 Nd4 13. Qf2 Nxd5 14. exd5 0-0 15. Rb1 Rae8 16. Re1 exf4 17. Bxf4 Qd8 18. Be4 g5 19. Be3 f5 20. Bg2 Be5 21. Qd2 f4 22. gxf4 gxf4 23. Bxd4 Bxd4+ 24. Kh1 f3 25. Bxf3 Rxe1+ 26. Rxe1 Qh4 27. Qg2+ Kh8 28. Re4 Qh6 29. Re1 Rg8 30. Bg4 Qh4 31. Re6 Qg5 32. Re1 h5 33. Bf3 Qf4 34. Qe2 Qg3 35. Bxh5 Bf2 0-1

[Event "Liptovsky Mikulas CupT U20"]
[Site "Liptovsky Mikulas"]
[Date "2012.06.24"]
[Round "4.2"]
[White "Spacek, Marcel"]
[Black "Karas, Marek"]
[Result "1/2-1/2"]
[WhiteElo "1852"]
[BlackElo "1887"]
[PlyCount "100"]
[EventDate "2012.06.22"]
[EventType "team-swiss"]
[EventRounds "9"]
[EventCountry "SVK"]
[SourceTitle "CBM 149 Extra"]
[Source "ChessBase"]
[SourceDate "2012.08.24"]
[SourceVersion "1"]
[SourceVersionDate "2012.08.24"]
[SourceQuality "1"]
[WhiteTeam "Osuske II"]
[BlackTeam "Zahori"]
[WhiteTeamCountry "SVK"]
[BlackTeamCountry "SVK"]

1. e4 c6 2. d4 d5 3. Nc3 dxe4 4. Nxe4 Nd7 5. Nf3 Ngf6 6. Nxf6+ Nxf6 7. Bc4 e6 8. Bg5 Be7 9. 0-0 0-0 10. c3 h6 11. Bh4 b5 12. Bd3 Nd5 13. Bg3 Bd6 14. Bxd6 Qxd6 15. Qd2 Qf4 16. Qxf4 Nxf4 17. Be4 Nd5 18. Ne5 Bb7 19. Nd7 Rfd8 20. Nc5 Rab8 21. a4 b4 22. Bxd5 Rxd5 23. a5 e5 24. Rfe1 f6 25. f4 bxc3 26. bxc3 exd4 27. cxd4 Bc8 28. Re7 Rxd4 29. Rxa7 Rd2 30. Rc7 Bf5 31. Rb7 Re8 32. Rb3 Ree2 33. Rg3 Ra2 34. Rxa2 Rxa2 35. Nb7 Be4 36. Nc5 Bd5 37. a6 Bc4 38. Ne4 Kh7 39. Nc5 Bxa6 40. Ne6 g5 41. fxg5 fxg5 42. Rc3 Bb5 43. Nd4 Ra6 44. Nxb5 cxb5 45. Rc7+ Kg6 46. Rb7 Ra1+ 47. Kf2 Rb1 48. g4 b4 49. Rb6+ Kg7 50. Rb7+ Kg6 1/2-1/2

[Event "SVK-chT2A 1112"]
[Site "Slovakia"]
[Date "2012.01.29"]
[Round "9.7"]
[White "Sosovicka, Matej"]
[Black "Spacek, Marcel"]
[Result "1-0"]
[WhiteElo "1961"]
[BlackElo "1818"]
[PlyCount "61"]
[EventDate "2011.10.08"]
[EventType "team-tourn"]
[EventRounds "11"]
[EventCountry "SVK"]
[SourceTitle "EXT 2013"]
[Source "ChessBase"]
[SourceDate "2012.11.22"]
[SourceVersion "1"]
[SourceVersionDate "2012.11.22"]
[SourceQuality "1"]
[WhiteTeam "Devinska Nova Ves"]
[BlackTeam "Osuske II"]
[WhiteTeamCountry "SVK"]
[BlackTeamCountry "SVK"]

1. e4 c5 2. Nf3 e6 3. d4 cxd4 4. Nxd4 a6 5. c4 Qc7 6. Nc3 Nf6 7. a3 d6 8. Be3 Nbd7 9. Be2 b6 10. 0-0 Bb7 11. f3 Be7 12. Rc1 Rc8 13. Qe1 Ne5 14. Qf2 Nfd7 15. b4 Qd8 16. Na4 Bh4 17. g3 Bf6 18. Nb3 Rc6 19. Rfd1 Nxc4 20. Bxc4 b5 21. Na5 Rc7 22. Bb6 Nxb6 23. Qxb6 Rxc4 24. Rxc4 Qxb6+ 25. Nxb6 bxc4 26. Nxb7 c3 27. Nxd6+ Ke7 28. Nbc8+ Kf8 29. f4 Be7 30. e5 f6 31. Rc1 1-0

[Event "Senica op 3rd"]
[Site "Senica"]
[Date "2011.08.25"]
[Round "6"]
[White "Spacek, Marcel"]
[Black "Hrubsa, Marian"]
[Result "1-0"]
[WhiteElo "1747"]
[BlackElo "1929"]
[PlyCount "61"]
[EventDate "2011.08.21"]
[EventType "swiss"]
[EventRounds "9"]
[EventCountry "SVK"]
[SourceTitle "CBM 144 Extra"]
[Source "ChessBase"]
[SourceDate "2011.10.28"]
[SourceVersion "1"]
[SourceVersionDate "2011.10.28"]
[SourceQuality "1"]

1. d4 d5 2. c4 e6 3. Nf3 Nf6 4. g3 c6 5. Bg2 Nbd7 6. 0-0 Bd6 7. Nc3 0-0 8. Nd2 b6 9. e4 dxe4 10. Ndxe4 Nxe4 11. Nxe4 Qc7 12. Nxd6 Qxd6 13. Bf4 e5 14. dxe5 Qe6 15. Qd6 Bb7 16. Qxe6 fxe6 17. b4 Rac8 18. Rfd1 Rf7 19. Rd6 Nf8 20. b5 cxb5 21. Bxb7 Rxb7 22. cxb5 h6 23. Rad1 Rc2 24. a4 Rbc7 25. h4 Kf7 26. h5 Ra2 27. R1d4 Rcc2 28. Be3 Ke7 29. Rg4 Kf7 30. Rd8 Rc7 31. Rf4+ 1-0

[Event "Senica op 3rd"]
[Site "Senica"]
[Date "2011.08.24"]
[Round "5"]
[White "Vogel, Jaap"]
[Black "Spacek, Marcel"]
[Result "1-0"]
[WhiteElo "2221"]
[BlackElo "1747"]
[PlyCount "86"]
[EventDate "2011.08.21"]
[EventType "swiss"]
[EventRounds "9"]
[EventCountry "SVK"]
[SourceTitle "CBM 144 Extra"]
[Source "ChessBase"]
[SourceDate "2011.10.28"]
[SourceVersion "1"]
[SourceVersionDate "2011.10.28"]
[SourceQuality "1"]

1. d4 d6 2. Nf3 g6 3. g3 Bg7 4. Bg2 Nd7 5. c4 e5 6. Nc3 Ne7 7. 0-0 0-0 8. e4 exd4 9. Nxd4 Nc6 10. Nde2 a5 11. b3 Nc5 12. Be3 Be6 13. Rb1 Nb4 14. a3 Nc6 15. b4 Nd7 16. c5 dxc5 17. bxc5 Bc4 18. f4 Bxc3 19. Nxc3 Bxf1 20. Qxf1 Qc8 21. Nd5 Kg7 22. Qc4 Rb8 23. Bh3 Qd8 24. Rd1 Nf6 25. Nc3 Qe8 26. e5 Ng8 27. Nd5 Rd8 28. Rb1 Nce7 29. Nxc7 Qc6 30. Nb5 Nh6 31. Bg2 Qa6 32. h4 Nhf5 33. Bf2 Nc6 34. Qc3 Kg8 35. g4 Nfe7 36. Nd6 Rd7 37. Bf1 Qa8 38. Bc4 Nd8 39. f5 gxf5 40. gxf5 Rxd6 41. exd6 Nxf5 42. Kh2 Ne6 43. Rg1+ Neg7 1-0

[Event "Senica op 3rd"]
[Site "Senica"]
[Date "2011.08.21"]
[Round "1"]
[White "Cajka, Tibor"]
[Black "Spacek, Marcel"]
[Result "1-0"]
[WhiteElo "2146"]
[BlackElo "1747"]
[PlyCount "55"]
[EventDate "2011.08.21"]
[EventType "swiss"]
[EventRounds "9"]
[EventCountry "SVK"]
[SourceTitle "CBM 144 Extra"]
[Source "ChessBase"]
[SourceDate "2011.10.28"]
[SourceVersion "1"]
[SourceVersionDate "2011.10.28"]
[SourceQuality "1"]

1. e4 c5 2. Nf3 e6 3. d4 cxd4 4. Nxd4 a6 5. g3 b6 6. Bg2 Bb7 7. 0-0 Qc7 8. Qe2 Nf6 9. Nc3 d6 10. f4 Be7 11. e5 dxe5 12. fxe5 Nfd7 13. Bf4 Nc6 14. Nf5 Bc5+ 15. Kh1 0-0 16. Nd6 Nd4 17. Qg4 Bxg2+ 18. Kxg2 Qc6+ 19. Kh3 Bxd6 20. exd6 Nf5 21. Rad1 Nf6 22. Qf3 Rac8 23. g4 Qc5 24. gxf5 Qxf5+ 25. Kg2 Qxc2+ 26. Rd2 Qg6+ 27. Kh1 Nd7 28. Rg2 1-0

[Event "Stare Mesto op"]
[Site "Stare Mesto"]
[Date "2011.08.17"]
[Round "7"]
[White "Cajka, Tibor"]
[Black "Spacek, Marcel"]
[Result "1-0"]
[WhiteElo "2146"]
[BlackElo "1747"]
[PlyCount "25"]
[EventDate "2011.08.12"]
[EventType "swiss"]
[EventRounds "10"]
[EventCountry "CZE"]
[SourceTitle "CBM 143 Extra"]
[Source "ChessBase"]
[SourceDate "2011.08.29"]
[SourceVersion "1"]
[SourceVersionDate "2011.08.29"]
[SourceQuality "1"]

1. e4 c5 2. Nf3 e6 3. d4 cxd4 4. Nxd4 a6 5. g3 Nf6 6. Bg2 d6 7. 0-0 e5 8. Nf5 d5 9. Bg5 Be6 10. Nc3 d4 11. Nd5 Nc6 12. Qf3 h6 13. Nxg7+ 1-0

[Event "Stare Mesto op"]
[Site "Stare Mesto"]
[Date "2011.08.15"]
[Round "5"]
[White "Drabek, Miloslav"]
[Black "Spacek, Marcel"]
[Result "1/2-1/2"]
[WhiteElo "2009"]
[BlackElo "1747"]
[PlyCount "33"]
[EventDate "2011.08.12"]
[EventType "swiss"]
[EventRounds "10"]
[EventCountry "CZE"]
[SourceTitle "CBM 143 Extra"]
[Source "ChessBase"]
[SourceDate "2011.08.29"]
[SourceVersion "1"]
[SourceVersionDate "2011.08.29"]
[SourceQuality "1"]

1. d4 Nf6 2. Nf3 g6 3. c4 Bg7 4. Nc3 0-0 5. g3 d6 6. Bg2 c6 7. 0-0 Bf5 8. Nh4 Be6 9. d5 cxd5 10. cxd5 Bc8 11. Nf3 Nbd7 12. Bg5 Ne5 13. Nd4 Bg4 14. h3 Bd7 15. Qd2 Re8 16. Rae1 Rc8 17. b4 1/2-1/2

[Event "Stare Mesto op"]
[Site "Stare Mesto"]
[Date "2011.08.14"]
[Round "4"]
[White "Spacek, Marcel"]
[Black "Uricar, Jakub"]
[Result "0-1"]
[WhiteElo "1747"]
[BlackElo "2226"]
[PlyCount "50"]
[EventDate "2011.08.12"]
[EventType "swiss"]
[EventRounds "10"]
[EventCountry "CZE"]
[SourceTitle "CBM 143 Extra"]
[Source "ChessBase"]
[SourceDate "2011.08.29"]
[SourceVersion "1"]
[SourceVersionDate "2011.08.29"]
[SourceQuality "1"]

1. d4 d5 2. c4 e6 3. Nf3 Nf6 4. g3 Be7 5. Bg2 0-0 6. 0-0 b6 7. Nc3 Bb7 8. b3 c5 9. e3 dxc4 10. bxc4 Ne4 11. Bb2 Bf6 12. Qc2 Nxc3 13. Bxc3 Qe7 14. Rab1 Na6 15. Nd2 cxd4 16. exd4 Rfd8 17. Bxb7 Qxb7 18. c5 Bxd4 19. Bxd4 Rxd4 20. cxb6 axb6 21. Qc3 Rad8 22. Nc4 Qc7 23. Rfc1 h5 24. Nxb6 Rd1+ 25. Kg2 Qxc3 0-1

[Event "Stare Mesto op"]
[Site "Stare Mesto"]
[Date "2011.08.12"]
[Round "1"]
[White "Koutny, Petr"]
[Black "Spacek, Marcel"]
[Result "0-1"]
[WhiteElo "2165"]
[BlackElo "1747"]
[PlyCount "86"]
[EventDate "2011.08.12"]
[EventType "swiss"]
[EventRounds "10"]
[EventCountry "CZE"]
[SourceTitle "CBM 143 Extra"]
[Source "ChessBase"]
[SourceDate "2011.08.29"]
[SourceVersion "1"]
[SourceVersionDate "2011.08.29"]
[SourceQuality "1"]

1. e4 c5 2. d4 cxd4 3. c3 dxc3 4. Nxc3 d6 5. Bc4 Nc6 6. Nf3 Nf6 7. e5 dxe5 8. Qxd8+ Nxd8 9. Nb5 Rb8 10. Nxe5 e6 11. Nc7+ Ke7 12. b3 Nd7 13. Ba3+ Kf6 14. Ng4+ Kg5 15. f4+ Kxg4 16. Be2+ Kh4 17. g3+ Kh3 18. Kf2 Nc6 19. Bb2 e5 20. fxe5 Ndxe5 21. Nd5 Bc5+ 22. Ke1 Ng6 23. Rc1 Kg2 24. Rf1 Bd4 25. Bxd4 Nxd4 26. Ne3+ Kh3 27. Bd3 Re8 28. Kd2 Ne5 29. Be4 Bg4 30. Nd5 Ndf3+ 31. Ke3 g5 32. Nf6 Re6 33. Nxh7 Rbe8 34. Kf2 Rd6 35. Rc2 Red8 36. Ke3 Bh5 37. Rxf3 Nxf3 38. Bxf3 Rd3+ 39. Ke4 Bxf3+ 40. Kf5 R3d5+ 41. Kf6 Be4 42. Nxg5+ Rxg5 43. Rc4 Rg4 0-1

[Event "Liptovsky Mikulas CupT U20"]
[Site "Liptovsky Mikulas"]
[Date "2011.06.25"]
[Round "2"]
[White "Spacek, Marcel"]
[Black "Puzko, Danila"]
[Result "0-1"]
[WhiteElo "1747"]
[BlackElo "1979"]
[PlyCount "64"]
[EventDate "2011.06.24"]
[EventType "team-tourn"]
[EventRounds "9"]
[EventCountry "SVK"]
[SourceTitle "CBM 143 Extra"]
[Source "ChessBase"]
[SourceDate "2011.08.29"]
[SourceVersion "1"]
[SourceVersionDate "2011.08.29"]
[SourceQuality "1"]
[WhiteTeam "Osuske II"]
[BlackTeam "St Petersburg U20"]
[WhiteTeamCountry "SVK"]
[BlackTeamCountry "RUS"]

1. d4 Nf6 2. c4 c5 3. d5 b5 4. cxb5 a6 5. bxa6 Bxa6 6. Nc3 d6 7. e4 Bxf1 8. Kxf1 g6 9. Qc2 Bg7 10. g3 0-0 11. Kg2 Nbd7 12. f4 Qb6 13. Nf3 Qb7 14. Rb1 Rfb8 15. b3 Ne8 16. Bb2 Nc7 17. Nd2 f5 18. exf5 Nxd5 19. Nxd5 Qxd5+ 20. Nf3 Rxa2 21. fxg6 Qxb3 22. gxh7+ Kh8 23. Qxb3 Rxb3 24. Ng5 Raxb2+ 25. Rxb2 Rxb2+ 26. Kf3 c4 27. Kg4 Bf6 28. h4 Nf8 29. Ra1 Bxg5 30. hxg5 Kxh7 31. f5 Rb7 32. Rc1 Rc7 0-1